000 00709nam a2200229Ii 4500
003 JO-AjNU
008 230605s9999||||xx |||||||||||||| ||und||
017 _a2009/4/2254
020 _a978-9957-07-655-9
040 _aJO-AjNU
_bara
_erda
_cJO-AjNU
041 _aara
050 1 4 _aLB1062.H37 2010
100 3 _aالحريري، رافدة,
_eauthor
_942867
245 0 0 _aتربية الإبداع
250 _aط1
264 3 1 _aعمان:دار الفكر،2010
300 _a210ص
336 _atext
_btxt
_2rdacontent
337 _aunmediated
_bn
_2rdamedia
338 _avolume
_bnc
_2rdacarrier
650 4 _aالإبداع-الإبداع في التعليم. التفكير الإبداعي
_942868
999 _aA18387
_c21955
_d21955